Historia de la Profesión de Enfermería en la Región Cusco 1950-2019 / (Record no. 22697)

000 -CABECERA
fixed length control field 01210nam a22002417i 4500
003 - IDENTIFICADOR DEL NÚMERO DE CONTROL
control field AR-CdUCM
008 - DATOS DE LONGITUD FIJA--INFORMACIÓN GENERAL
fixed length control field 230927b20212021pe ||||| |||| 00| 0 spa d
040 ## - FUENTE DE LA CATALOGACIÓN
Agencia/entidad que catalogó originalmente la obra MUNICIPALIDAD PROVINCIAL DEL CUSCO
Entidad que transcribió la catalogación BIBLIOTECA MUNICIPAL DEL CUSCO
082 ## - NÚMERO DE LA CLASIFICACIÓN DECIMAL DEWEY
No. de Clasificación 985.05 / Z38
Notacion interna Z38
100 ## - ENTRADA PRINCIPAL--NOMBRE DE PERSONA
Nombre Personal Zárate Escenarro, Urzula
245 ## - MENCIÓN DE TÍTULO
Título Historia de la Profesión de Enfermería en la Región Cusco 1950-2019 /
260 ## - PUBLICACIÓN, DISTRIBUCIÓN, ETC.
Lugar de publicación, distribución, etc. Cusco :
Nombre de la editorial, distribuidor, etc. Sieteculebras,
Fecha de publicación, distribución, etc. 2021.
300 ## - DESCRIPCIÓN FÍSICA
Nº de Páginas Extensión 111 páginas. :
Otros detalles físicos tablas estadísticas,
Dimensiones 21 cm.
500 ## - NOTA GENERAL
Bibliografía Bibliografía: páginas 102-104
505 ## - NOTA DE CONTENIDO CON FORMATO
Nota de contenido formateada Hechos históricos de la profesión de enfermería en la Region Cusco -- Acontecimientos históricos de enfermería en la Region Cusco -- Facultad de enfermería UNSAAC -- Escuela profesional de enfermería -- Colegio de enfermeros del Perú, Consejo regional VII Cusco
650 ## - PUNTO DE ACCESO ADICIONAL DE MATERIA--TÉRMINO DE MATERIA
Descriptor Hechos históricos de la profesión de Enfermería Región cusco
9 (RLIN) 49091
650 ## - PUNTO DE ACCESO ADICIONAL DE MATERIA--TÉRMINO DE MATERIA
Descriptor Escuela Profesional de Enfermería Universidad Andina
9 (RLIN) 49092
650 ## - PUNTO DE ACCESO ADICIONAL DE MATERIA--TÉRMINO DE MATERIA
Descriptor Facultad de Enfermería de la UNSAAC
9 (RLIN) 49255
650 ## - PUNTO DE ACCESO ADICIONAL DE MATERIA--TÉRMINO DE MATERIA
Descriptor Creación del Colegio de Enfermeros Región Cusco
9 (RLIN) 49256
942 ## - ELEMENTOS DE PUNTO DE ACCESO ADICIONAL (KOHA)
Fuente de clasificación
Tipo de item Libros-BMC
945 ## - PROCESAMIENTO DE INFORMACIÓN LOCAL (OCLC)
Catalogador pebm
AAAA-MM-DD - Fecha de ingreso o modificacion 2023-09-27
Holdings
Estado de retiro (separado) Fuente de clasificación o esquema de estanterías Estado dañado Ubicación Sala donde se ubica Nombre de la colección Fecha de adquisición o compra Fuente de adquisición Costo, precio normal en soles Signatura topográfica Código de Barras Última vez visto (Koha) Tipo de ítem (Koha) Número de Ejemplar
No     Sala Humanidades Sala Humanidades Book Cart 2023-09-27 Donación 15.00 985.05 / Z38 SH0000016532 2023-09-27 Libros-BMC  
No     Sala Humanidades Sala Humanidades Book Cart 2023-09-27 Donación 15.00 985.05 / Z38 / e.2 SH0000016533 2023-09-27 Libros-BMC e.2

Powered by Koha